Statistiques concernant les rôles de Tom Hanks

Cliquez ici pour prendre le quiz!

Statistiques générales

  • Ce quiz a été pris 113 fois
  • Le résultat moyen est 10 sur 30

Statistiques - réponses

RôlesFilms% Correct
Un simple d'esprit qui a plein d'histoire à raconterForrest Gump
99%
Un spécialiste du symbole qui enquête au LouvreDa Vinci Code
84%
Un robinson Crusoe des temps moderneSeul au monde
79%
Un capitaine durant la deuxième guerre mondiale qui cherche des frèresIl faut sauver le soldat Ryan
74%
Un gardien de prison qui se lie d'amitié avec un détenu aux pouvoirs surnaturelsLa Ligne Verte
73%
Un apatride bloqué dans un aéroportLe terminal
69%
Un avocat viré de son cabinet à cause de sa séropositivitéPhiladelphia
60%
Un policier mené par le bout du nez par un jeune usurpateur très talentueuxArrête-moi si tu peux
49%
Un pilote devenu héros mais qui n'échappe pas au procèsSully
48%
Un enfant dans la peau d'un adulteBig
47%
Un capitaine de bateau attaqué par des pirates somaliensCapitaine Phillips
39%
Un jeune New-Yorkais qui tombe amoureux d'une sirèneSplash
32%
Walt DisneyDans l'ombre de Mary
26%
Un avocat chargé de négocier un échange de prisonnier avec les SoviétiquesLe Pont des espions
26%
Un libraire qui discute sur internet avec ShopgirlVous avez un message
23%
Une multitude de personnages grâce à la capture de mouvementsLe pôle express
22%
À la fois Docteur, tenancier d'hôtel, scientifique .. Dans des époques différentesCloud Atlas
21%
Un architecte veuf et père d'un garçon qui va faire fondre le cœur d'une journalisteNuits blanches à Seattle
18%
Un tueur professionnel contraint de fuir pour sauver sa peau et celle de son filsLes sentiers de la perdition
14%
Un patron d'une entreprise high Tech qui va pousser une jeune employée à se filmer continuellementThe Circle
14%
Membre influent du budget américain connu pour son amour du whiskyLa Guerre selon Charlie Wilson
11%
Un employé licencié qui va reprendre ses études et tombé sous le charme de sa professeurIl n'est jamais trop tard
10%
Un faux professeur logé chez une vieille dame bien plus curieuse qu"il l'aurait cruLadykillers
10%
Un rédacteur en chef qui révèle l'implication des USA dans la guerre du VietnamPentagone Papers
10%
Un astronaute qui a dit " Houston, nous avons un problème "Apollon 13
9%
Un présentateur télé qui anime une émission éducative et qui va être l'objet d'étude d'un journalisteL'Extraordinaire Mr Rogers
8%
Un père disparu dans les attentats du 11 Septembre 2001Extrêmement fort et incroyablement près
7%
Un commandant de navire qui mène un convoi dans l'Atlantique pendant la GuerreUSS Greyhound
7%
Un employé hypocondriaque prêt à se sacrifier pour un peuple du PacifiqueJoe contre le volcan
6%
Un habitant préoccupé par la disparition d'un de ses voisins va enquêter pour découvrir la vérité sur d'autres voisinsLes Banlieusards
6%

Distribution des résultats

Percentile par nombre de réponses

% des personnes avec chaque résultat

Votre développement - résultats

Vous n’avez pas pris ce quiz